[Event "WchT Seniors 50"]
[Site "Krakow"]
[Date "2024.07.09"]
[Round "7.3"]
[White "Dawson, Alastair G"]
[Black "Dettmann, Holger"]
[Result "1/2-1/2"]
[WhiteElo "1850"]
[BlackElo "1965"]
[PlyCount "34"]
[EventDate "2024.07.02"]
[EventType "team-swiss"]
[EventRounds "9"]
[EventCountry "POL"]
[SourceTitle "CBM 221 Extra"]
[Source "ChessBase"]
[SourceDate "2024.09.30"]
[SourceVersion "1"]
[SourceVersionDate "2024.09.30"]
[SourceQuality "1"]
[WhiteTeam "Scotland 50"]
[BlackTeam "Germany Graal 50"]
[WhiteTeamCountry "SCO"]
[BlackTeamCountry "GER"]

1. c4 Nf6 2. Nf3 c5 3. Nc3 g6 4. g3 Bg7 5. Bg2 0-0 6. 0-0 Nc6 7. d4 cxd4 8. Nxd4 Nxd4 9. Qxd4 d6 10. e4 Be6 11. Qd3 Qc8 12. Nd5 Nxd5 13. cxd5 Bh3 14. Rb1 Bxg2 15. Kxg2 Qd7 16. b3 Rfc8 17. Bd2 Rc7 1/2-1/2

[Event "WchT Seniors 50"]
[Site "Krakow"]
[Date "2024.07.03"]
[Round "2.3"]
[White "Dawson, Alastair G"]
[Black "Jhunjhnuwala, Ramesh"]
[Result "1/2-1/2"]
[WhiteElo "1850"]
[BlackElo "2050"]
[PlyCount "77"]
[EventDate "2024.07.02"]
[EventType "team-swiss"]
[EventRounds "9"]
[EventCountry "POL"]
[SourceTitle "CBM 221 Extra"]
[Source "ChessBase"]
[SourceDate "2024.09.30"]
[SourceVersion "1"]
[SourceVersionDate "2024.09.30"]
[SourceQuality "1"]
[WhiteTeam "Scotland 50"]
[BlackTeam "USA 5 Brothers 50"]
[WhiteTeamCountry "SCO"]
[BlackTeamCountry "USA"]

1. Nf3 Nf6 2. c4 c5 3. g3 Nc6 4. Bg2 g6 5. Nc3 Bg7 6. 0-0 0-0 7. a3 d5 8. cxd5 Nxd5 9. Nxd5 Qxd5 10. d3 Bg4 11. h3 Bxf3 12. Bxf3 Qd7 13. Bg2 Rac8 14. Qa4 Rfd8 15. Rb1 b6 16. Kh2 Nd4 17. Qd1 c4 18. e3 Nb3 19. d4 Qf5 20. Bd2 Qxb1 21. Qxb1 Nxd2 22. Qc2 Nxf1+ 23. Bxf1 e5 24. d5 Rxd5 25. Qa4 b5 26. Qxa7 Rd2 27. Qb7 Rcd8 28. Qxb5 e4 29. a4 Rxf2+ 30. Kg1 Rxb2 31. Qxc4 Rd1 32. a5 Rbb1 33. a6 Bh6 34. Qc8+ Kg7 35. Qc3+ f6 36. Qc7+ Kf8 37. Qc5+ Kf7 38. Qc4+ Kg7 39. Qc7+ 1/2-1/2

[Event "Perth op-A"]
[Site "Perth"]
[Date "2023.04.22"]
[Round "2"]
[White "Dawson, Alastair G"]
[Black "Boggarapu, Kritan"]
[Result "0-1"]
[WhiteElo "1809"]
[BlackElo "2035"]
[PlyCount "80"]
[EventDate "2023.04.21"]
[EventType "swiss"]
[EventRounds "5"]
[EventCountry "SCO"]
[SourceTitle "EXT 2024"]
[Source "ChessBase"]
[SourceDate "2023.10.10"]
[SourceVersion "1"]
[SourceVersionDate "2023.10.10"]
[SourceQuality "1"]

1. d4 Nf6 2. Bf4 g6 3. Nc3 Bg7 4. e4 d6 5. Be2 0-0 6. h4 Nc6 7. h5 e5 8. dxe5 dxe5 9. Bg3 Qe7 10. hxg6 fxg6 11. Nf3 Qc5 12. Qd3 Nh5 13. Qc4+ Qxc4 14. Bxc4+ Kh8 15. Ng5 Bf6 16. Bh4 Nf4 17. Kf1 Bxg5 18. Bxg5 Be6 19. Bd5 Nd4 20. g3 Nxd5 21. Nxd5 Bxd5 22. exd5 Rf5 23. f4 Nxc2 24. Rc1 Ne3+ 25. Kg1 Nxd5 26. g4 Rf7 27. fxe5 Re8 28. Re1 Re6 29. Rh3 c6 30. a3 Kg8 31. b4 Kf8 32. Rd3 a6 33. Kh2 Ke8 34. a4 h6 35. Bd2 Rfe7 36. b5 axb5 37. axb5 Rxe5 38. bxc6 Rxe1 39. Bxe1 bxc6 40. Kg3 Rxe1 0-1

[Event "Perth op-A"]
[Site "Perth"]
[Date "2023.04.22"]
[Round "3"]
[White "Robinson, Stephen"]
[Black "Dawson, Alastair G"]
[Result "1/2-1/2"]
[WhiteElo "1808"]
[BlackElo "1809"]
[PlyCount "120"]
[EventDate "2023.04.21"]
[EventType "swiss"]
[EventRounds "5"]
[EventCountry "SCO"]
[SourceTitle "EXT 2024"]
[Source "ChessBase"]
[SourceDate "2023.10.10"]
[SourceVersion "1"]
[SourceVersionDate "2023.10.10"]
[SourceQuality "1"]

1. d4 c5 2. c3 Nf6 3. Nf3 e6 4. Bg5 Be7 5. Nbd2 b6 6. e4 cxd4 7. cxd4 Bb7 8. Bd3 0-0 9. Qe2 d6 10. 0-0 Nbd7 11. Rad1 h6 12. Bf4 Nh5 13. Bg3 Nxg3 14. fxg3 a6 15. e5 dxe5 16. dxe5 Nc5 17. Bc2 Bd5 18. b4 Nd7 19. Qd3 g6 20. a3 Qc7 21. Rfe1 Rac8 22. Ba4 b5 23. Bb3 Nb6 24. Bxd5 Nxd5 25. Ne4 Qc4 26. Qd2 Kg7 27. Nd4 Qc7 28. Rc1 Qb6 29. Kh1 Rfd8 30. Qf2 Rf8 31. Nf6 Bxf6 32. exf6+ Kh7 33. h4 Rxc1 34. Rxc1 e5 35. Qf3 Qxd4 36. Rd1 e4 37. Qb3 Qc4 38. Qxc4 bxc4 39. Rxd5 Rc8 40. Rd2 e3 41. Rc2 c3 42. Kg1 Rc6 43. a4 g5 44. b5 axb5 45. axb5 Rb6 46. Rxc3 Rxb5 47. Rxe3 Rf5 48. Rf3 Rxf3 49. gxf3 gxh4 50. gxh4 Kg6 51. Kh2 Kxf6 52. Kg3 Kf5 53. Kf2 Kf4 54. Kg2 f5 55. Kf2 h5 56. Ke2 Ke5 57. Ke3 f4+ 58. Kd3 Kd5 59. Kc3 Kc5 60. Kd3 Kd5 1/2-1/2

[Event "Dundee Allegro op"]
[Site "Dundee"]
[Date "2023.03.05"]
[Round "4"]
[White "Dawson, Alastair G"]
[Black "Flood, Raymond"]
[Result "1-0"]
[WhiteElo "1922"]
[BlackElo "1552"]
[PlyCount "71"]
[EventDate "2023.03.05"]
[EventType "swiss"]
[EventRounds "5"]
[EventCountry "SCO"]
[SourceTitle "CBM 213 Extra"]
[Source "ChessBase"]
[SourceDate "2023.05.31"]
[SourceVersion "1"]
[SourceVersionDate "2023.05.31"]
[SourceQuality "1"]

1. c4 e6 2. g3 d5 3. Bg2 Nf6 4. b3 Be7 5. Bb2 0-0 6. Nf3 c6 7. 0-0 Nbd7 8. d3 b6 9. Nbd2 Bb7 10. Qc2 Rc8 11. Rac1 Re8 12. Ne5 Nxe5 13. Bxe5 Bd6 14. Nf3 Qe7 15. Qd2 Bxe5 16. Nxe5 dxc4 17. Nxc4 c5 18. Bxb7 Qxb7 19. Nd6 Qc6 20. Nxe8 Rxe8 21. b4 e5 22. bxc5 bxc5 23. Qe3 Rc8 24. Qxe5 Ng4 25. Qe4 Qd7 26. Rc4 f5 27. Qf4 Qe6 28. e4 Ne5 29. Rc3 fxe4 30. Qxe4 Qf6 31. d4 Nd7 32. Qd5+ Qf7 33. Qxf7+ Kxf7 34. dxc5 Rxc5 35. Rc4 Rc6 36. Rc5 1-0

[Event "Dundee Allegro op"]
[Site "Dundee"]
[Date "2023.03.05"]
[Round "3"]
[White "Thiel, Jan"]
[Black "Dawson, Alastair G"]
[Result "0-1"]
[WhiteElo "1451"]
[BlackElo "1922"]
[PlyCount "70"]
[EventDate "2023.03.05"]
[EventType "swiss"]
[EventRounds "5"]
[EventCountry "SCO"]
[SourceTitle "CBM 213 Extra"]
[Source "ChessBase"]
[SourceDate "2023.05.31"]
[SourceVersion "1"]
[SourceVersionDate "2023.05.31"]
[SourceQuality "1"]

1. e4 c6 2. Nf3 d5 3. Nc3 Bg4 4. Be2 e6 5. 0-0 Bxf3 6. Bxf3 Nd7 7. exd5 cxd5 8. Re1 Be7 9. d3 Ngf6 10. Bf4 0-0 11. d4 a6 12. Ne2 Rc8 13. Nc1 b5 14. c3 Nb6 15. Nd3 Nc4 16. Qb3 Na5 17. Qd1 Qb6 18. Ne5 Nc4 19. Nxc4 Rxc4 20. a3 a5 21. Be2 Rcc8 22. Rc1 b4 23. axb4 axb4 24. c4 dxc4 25. Bxc4 Rfd8 26. Bg5 Rxd4 27. Qe2 Re4 28. Qc2 Rexc4 29. Qxc4 Rxc4 30. Rxc4 h6 31. Be3 Qa5 32. Bd4 Nd5 33. b3 Qa2 34. Ba1 Qxb3 35. Rg4 Bf6 0-1

[Event "SCO-ch 126th"]
[Site "Edinburgh"]
[Date "2019.07.14"]
[Round "9"]
[White "Dawson, Alastair G"]
[Black "Moreby, James"]
[Result "0-1"]
[WhiteElo "1796"]
[BlackElo "2100"]
[PlyCount "90"]
[EventDate "2019.07.06"]
[EventType "swiss"]
[EventRounds "9"]
[EventCountry "SCO"]
[SourceTitle "CBM 191 Extra"]
[Source "ChessBase"]
[SourceDate "2019.09.30"]
[SourceVersion "1"]
[SourceVersionDate "2019.09.30"]
[SourceQuality "1"]

1. c4 c5 2. Nc3 Nc6 3. g3 g6 4. Bg2 Bg7 5. a3 e6 6. b4 cxb4 7. axb4 Nge7 8. b5 Ne5 9. c5 d5 10. cxd6 Qxd6 11. Ba3 Qd8 12. Qa4 0-0 13. d4 Nd7 14. e3 Re8 15. Nge2 e5 16. d5 Nb6 17. Qb3 Nf5 18. 0-0 Nd6 19. Bb4 Bf5 20. e4 Bg4 21. f3 Bc8 22. Ba5 Ndc4 23. Qxc4 Nxc4 24. Bxd8 Rxd8 25. b6 Nxb6 26. Nb5 a6 27. Nc7 Rb8 28. Rfb1 Bf8 29. Ra5 Bd6 30. Rc1 Bd7 31. Ra2 Rdc8 32. Rac2 Kf8 33. f4 Ke7 34. fxe5 Bxe5 35. Nf4 Kd8 36. d6 Bxd6 37. Ncd5 Nxd5 38. Nxd5 Ba3 39. Rxc8+ Rxc8 40. Rf1 Rc1 41. Kf2 Bc5+ 42. Kf3 Rc2 43. g4 Bxg4+ 44. Kg3 Bd6+ 45. Kxg4 Rxg2+ 0-1

[Event "WchT Seniors 65"]
[Site "Rhodes"]
[Date "2019.04.18"]
[Round "3.8"]
[White "Danner, Lambert"]
[Black "Dawson, Alastair G"]
[Result "1-0"]
[WhiteElo "2013"]
[BlackElo "1817"]
[PlyCount "73"]
[EventDate "2019.04.16"]
[EventType "team-swiss"]
[EventRounds "9"]
[EventCountry "GRE"]
[SourceTitle "CBM 190 Extra"]
[Source "ChessBase"]
[SourceDate "2019.07.15"]
[SourceVersion "1"]
[SourceVersionDate "2019.07.15"]
[SourceQuality "1"]
[WhiteTeam "Vienna"]
[BlackTeam "Scotland II"]
[WhiteTeamCountry "AUT"]
[BlackTeamCountry "SCO"]

1. g3 g6 2. c4 c5 3. Nc3 Nc6 4. Bg2 Bg7 5. Nf3 Nf6 6. 0-0 0-0 7. d4 cxd4 8. Nxd4 Nxd4 9. Qxd4 d6 10. Qd2 Rb8 11. Rd1 b6 12. b3 Nd7 13. Bb2 Bb7 14. e4 Nc5 15. Re1 Qd7 16. Rad1 a5 17. h3 Bc6 18. Re2 Qb7 19. Nd5 Bxb2 20. Qxb2 Bxd5 21. Rxd5 Qc7 22. Qc1 Nd7 23. Qd2 a4 24. Kh2 axb3 25. axb3 Nc5 26. Qb2 b5 27. Qc3 bxc4 28. bxc4 Rfc8 29. e5 dxe5 30. Rexe5 Qa7 31. Qe3 Rb3 32. Rxc5 Rxe3 33. Rxc8+ Kg7 34. Rxe3 e6 35. c5 Qd7 36. Rb8 Qc7 37. Rb5 1-0

[Event "BCF-ch Seniors 65"]
[Site "Hull"]
[Date "2018.08.02"]
[Round "5"]
[White "Clucas, Reg P"]
[Black "Dawson, Alastair G"]
[Result "1/2-1/2"]
[WhiteElo "1959"]
[BlackElo "1802"]
[PlyCount "52"]
[EventDate "2018.07.29"]
[EventType "swiss"]
[EventRounds "7"]
[EventCountry "ENG"]
[SourceTitle "CBM 185 Extra"]
[Source "ChessBase"]
[SourceDate "2018.07.29"]
[SourceVersion "1"]
[SourceVersionDate "2018.07.29"]
[SourceQuality "1"]

1. e4 e6 2. d4 d5 3. Nd2 Nf6 4. e5 Nfd7 5. Bd3 c5 6. c3 Nc6 7. Ne2 cxd4 8. cxd4 f6 9. exf6 Nxf6 10. 0-0 Bd6 11. Nf3 Qc7 12. Nc3 a6 13. Bg5 0-0 14. Bh4 Nh5 15. Bg3 Nxg3 16. hxg3 g6 17. Qd2 Qg7 18. Bc2 Bd7 19. a3 Rxf3 20. gxf3 Nxd4 21. Kg2 Rf8 22. f4 g5 23. fxg5 Nf3 24. Qe2 Nd4 25. Qd2 Nf3 26. Qe2 Nd4 1/2-1/2

[Event "SCO-ch 124th"]
[Site "Dundee"]
[Date "2017.07.18"]
[Round "4"]
[White "Emery, Keith"]
[Black "Dawson, Alastair G"]
[Result "1/2-1/2"]
[WhiteElo "1898"]
[BlackElo "1793"]
[PlyCount "45"]
[EventDate "2017.07.15"]
[EventType "swiss"]
[EventRounds "9"]
[EventCountry "SCO"]
[SourceTitle "CBM 179 Extra"]
[Source "ChessBase"]
[SourceDate "2017.08.23"]
[SourceVersion "1"]
[SourceVersionDate "2017.08.23"]
[SourceQuality "1"]

1. e4 c5 2. Nf3 e6 3. Nc3 a6 4. g3 Nc6 5. d3 d6 6. Bg2 g6 7. b3 Bg7 8. Bb2 Nge7 9. 0-0 0-0 10. Qd2 b5 11. Nd1 e5 12. Ne3 Nd4 13. c3 Nxf3+ 14. Bxf3 Bb7 15. d4 f5 16. d5 f4 17. Nc2 g5 18. c4 Qd7 19. Qd1 Bc8 20. g4 h5 21. h3 Kf7 22. Be2 Ng8 23. f3 1/2-1/2

[Event "Dundee & Angus op"]
[Site "Dundee"]
[Date "2016.10.09"]
[Round "4"]
[White "Robertson, Jim"]
[Black "Dawson, Alastair G"]
[Result "0-1"]
[WhiteElo "1524"]
[BlackElo "1807"]
[PlyCount "86"]
[EventDate "2016.10.07"]
[EventType "swiss"]
[EventRounds "5"]
[EventCountry "SCO"]
[SourceTitle "EXT 2023"]
[Source "ChessBase"]
[SourceDate "2022.10.05"]
[SourceVersion "1"]
[SourceVersionDate "2022.10.05"]
[SourceQuality "1"]

1. d4 d6 2. e3 Nf6 3. f4 g6 4. Nf3 Bg7 5. Bc4 0-0 6. 0-0 b6 7. c3 Bb7 8. Qb3 d5 9. Bd3 Nbd7 10. Ng5 c5 11. Qd1 Ne4 12. Bxe4 dxe4 13. Nd2 cxd4 14. exd4 Nf6 15. Re1 Qd5 16. Qe2 e3 17. Ndf3 h6 18. Nh3 Ng4 19. Bxe3 Nxe3 20. Qxe3 e6 21. Nf2 Rfe8 22. Nd3 Kh7 23. Re2 Rac8 24. Nb4 Qd6 25. Ne5 f6 26. Ned3 a5 27. Nc2 Qd5 28. Qh3 Bc6 29. Re3 Bb5 30. Rg3 Bd7 31. Qg4 g5 32. Qh5 Re7 33. fxg5 fxg5 34. Ne3 Qe4 35. Nf2 Qg6 36. Qxg6+ Kxg6 37. h4 e5 38. hxg5 hxg5 39. Ne4 exd4 40. Rxg5+ Kh7 41. Rxg7+ Kxg7 42. Nd6 dxe3 43. Nxc8 Bxc8 0-1

[Event "Dundee & Angus op"]
[Site "Dundee"]
[Date "2016.10.08"]
[Round "3"]
[White "Smith, Callum"]
[Black "Dawson, Alastair G"]
[Result "1-0"]
[WhiteElo "1565"]
[BlackElo "1807"]
[PlyCount "147"]
[EventDate "2016.10.07"]
[EventType "swiss"]
[EventRounds "5"]
[EventCountry "SCO"]
[SourceTitle "EXT 2023"]
[Source "ChessBase"]
[SourceDate "2022.10.05"]
[SourceVersion "1"]
[SourceVersionDate "2022.10.05"]
[SourceQuality "1"]

1. e4 d6 2. d4 Nf6 3. Nc3 e5 4. dxe5 dxe5 5. Qxd8+ Kxd8 6. Bc4 Ke8 7. Be3 Bb4 8. f3 Bxc3+ 9. bxc3 Be6 10. Bxe6 fxe6 11. 0-0-0 Nbd7 12. Nh3 Ke7 13. Rd2 Rhd8 14. Rhd1 h6 15. Nf2 Ne8 16. Nd3 Nd6 17. Nc5 Nb6 18. Bf2 Nbc4 19. Rd3 b6 20. Nb3 Rac8 21. Nd2 Na5 22. Nb3 Nab7 23. Nd2 c5 24. Nf1 c4 25. R3d2 Nc5 26. Bg3 Nf7 27. Rxd8 Rxd8 28. Rxd8 Kxd8 29. Ne3 b5 30. Bf2 Nd7 31. a4 a6 32. Kb2 Kc7 33. Ka3 Kc6 34. Kb4 Nb6 35. axb5+ axb5 36. Nf1 Nd7 37. Nd2 Nb8 38. Nb1 Na6+ 39. Ka5 Nc5 40. Bg3 Nd7 41. Na3 Nd6 42. Kb4 Kb6 43. Bf2+ Kc6 44. g4 Nb8 45. Ba7 Nd7 46. h3 g6 47. h4 Nf6 48. Bc5 Nfe8 49. Be3 h5 50. gxh5 gxh5 51. Bg5 Nc7 52. Bf6 Nb7 53. Nb1 Na6+ 54. Ka3 Kd6 55. Nd2 Nbc5 56. Nf1 Na4 57. Ng3 Nxc3 58. Nxh5 b4+ 59. Kb2 Nc5 60. Bg7 N5a4+ 61. Ka1 b3 62. cxb3 cxb3 63. Bf8+ Kd7 64. Ba3 Nd1 65. Nf6+ Kd8 66. h5 b2+ 67. Bxb2 Ke7 68. Bxe5 Kf7 69. h6 Kg6 70. h7 Kg7 71. f4 Nac3 72. Nd5+ Kxh7 73. Nxc3 Nxc3 74. Bxc3 1-0

[Event "SCO-ch 123rd"]
[Site "Glasgow"]
[Date "2016.07.14"]
[Round "6"]
[White "Dawson, Alastair G"]
[Black "Hegde, Stuthi"]
[Result "1/2-1/2"]
[WhiteElo "1890"]
[BlackElo "1408"]
[PlyCount "104"]
[EventDate "2016.07.09"]
[EventType "swiss"]
[EventRounds "9"]
[EventCountry "SCO"]
[SourceTitle "CBM 173 Extra"]
[Source "ChessBase"]
[SourceDate "2016.08.29"]
[SourceVersion "1"]
[SourceVersionDate "2016.08.29"]
[SourceQuality "1"]

1. Nf3 c5 2. g3 g6 3. Bg2 Bg7 4. c4 Nc6 5. Nc3 d6 6. d3 Bf5 7. h3 Nf6 8. a3 0-0 9. e4 Bd7 10. 0-0 Rb8 11. Rb1 a6 12. b4 cxb4 13. axb4 b5 14. cxb5 axb5 15. d4 Ne8 16. Qd3 Nc7 17. d5 Ne5 18. Nxe5 Bxe5 19. f4 Bg7 20. Be3 f5 21. Kh2 fxe4 22. Nxe4 Bf5 23. g4 Bxe4 24. Bxe4 Ne8 25. g5 Bh8 26. f5 Be5+ 27. Kg2 Ra8 28. Rf2 Ng7 29. Rbf1 Nxf5 30. Bxf5 gxf5 31. Rxf5 Rxf5 32. Qxf5 Ra2+ 33. Kg1 Ra1 34. Qf7+ Kh8 35. h4 Rxf1+ 36. Kxf1 Bg7 37. Qe6 Qf8+ 38. Ke2 Qe8 39. Kd2 Qg8 40. Kd3 Qe8 41. h5 Qa8 42. Ke4 Qe8 43. g6 Qf8 44. gxh7 Kxh7 45. Qg6+ Kh8 46. h6 Be5 47. Bg5 Qc8 48. Kf3 Qh3+ 49. Ke2 Qg2+ 50. Ke3 Qg3+ 51. Ke2 Qg2+ 52. Ke3 Qg3+ 1/2-1/2

[Event "SCO-ch 123rd"]
[Site "Glasgow"]
[Date "2016.07.12"]
[Round "4"]
[White "Volland, Ben"]
[Black "Dawson, Alastair G"]
[Result "1-0"]
[WhiteElo "1605"]
[BlackElo "1890"]
[PlyCount "67"]
[EventDate "2016.07.09"]
[EventType "swiss"]
[EventRounds "9"]
[EventCountry "SCO"]
[SourceTitle "CBM 173 Extra"]
[Source "ChessBase"]
[SourceDate "2016.08.29"]
[SourceVersion "1"]
[SourceVersionDate "2016.08.29"]
[SourceQuality "1"]

1. e4 c5 2. Nf3 g6 3. d4 cxd4 4. Qxd4 Nf6 5. e5 Nc6 6. Qa4 Nd5 7. Qe4 Nc7 8. Bf4 Ne6 9. Bg3 Qb6 10. b3 Qb4+ 11. Qxb4 Nxb4 12. Bd3 Bg7 13. Ke2 Nxd3 14. cxd3 f5 15. h4 b6 16. Rd1 Ba6 17. Ng5 Nd4+ 18. Kd2 h6 19. Nh3 Rc8 20. Na3 Nc6 21. f4 Kf7 22. Nc2 d6 23. d4 dxe5 24. fxe5 Rhd8 25. Ke1 Nxe5 26. dxe5 Rxc2 27. Rxd8 Re2+ 28. Kd1 Rxg2 29. Bf4 Rg4 30. Kc2 Rxh4 31. Re1 Ke6 32. Re3 g5 33. Bxg5 Rg4 34. Nf4+ 1-0

[Event "SCO-ch 123rd"]
[Site "Glasgow"]
[Date "2016.07.11"]
[Round "3"]
[White "Dawson, Alastair G"]
[Black "Berry, Neil"]
[Result "0-1"]
[WhiteElo "1890"]
[BlackElo "2351"]
[PlyCount "79"]
[EventDate "2016.07.09"]
[EventType "swiss"]
[EventRounds "9"]
[EventCountry "SCO"]
[SourceTitle "CBM 173 Extra"]
[Source "ChessBase"]
[SourceDate "2016.08.29"]
[SourceVersion "1"]
[SourceVersionDate "2016.08.29"]
[SourceQuality "1"]

1. Nf3 d5 2. c4 d4 3. g3 c5 4. b4 cxb4 5. a3 bxa3 6. Bxa3 Nc6 7. d3 e5 8. Bxf8 Kxf8 9. Bg2 g6 10. 0-0 Kg7 11. Nbd2 Nf6 12. Qb3 a5 13. Rfb1 Qe7 14. Qa3 Qc7 15. Qb3 Ra6 16. Ne1 Nb4 17. Nc2 Nxc2 18. Qxc2 b6 19. Rb2 Bd7 20. Nb1 Ne8 21. Na3 Nd6 22. Rab1 Rc8 23. Qb3 Qc5 24. Nb5 Nxb5 25. cxb5 Ra7 26. Bd5 a4 27. Qa2 a3 28. Rb4 Qc2 29. Ra1 Qxa2 30. Bxa2 Rc2 31. Kf1 Rb2 32. Rc4 Bxb5 33. Rcc1 Bd7 34. Rcb1 b5 35. Bb3 Rxb1+ 36. Rxb1 Be6 37. Bxe6 fxe6 38. Ke1 b4 39. Kd2 b3 40. Kc1 0-1

[Event "Perth op"]
[Site "Perth"]
[Date "2016.02.21"]
[Round "5.12"]
[White "Dawson, Alastair G"]
[Black "Smith, Callum"]
[Result "1-0"]
[WhiteElo "1893"]
[BlackElo "1626"]
[PlyCount "21"]
[EventDate "2016.02.19"]
[EventType "swiss"]
[EventRounds "5"]
[EventCountry "SCO"]
[SourceTitle "EXT 2023"]
[Source "ChessBase"]
[SourceDate "2022.10.05"]
[SourceVersion "1"]
[SourceVersionDate "2022.10.05"]
[SourceQuality "1"]

1. Nf3 Nf6 2. g3 Nc6 3. d4 d5 4. Bg2 Bf5 5. 0-0 e6 6. c4 dxc4 7. Qa4 Be4 8. Nc3 Bxf3 9. Bxf3 Qxd4 10. Bxc6+ Nd7 11. Rd1 1-0

[Event "Perth op"]
[Site "Perth"]
[Date "2016.02.20"]
[Round "1.3"]
[White "Roberts, Paul"]
[Black "Dawson, Alastair G"]
[Result "1-0"]
[WhiteElo "2173"]
[BlackElo "1893"]
[PlyCount "77"]
[EventDate "2016.02.19"]
[EventType "swiss"]
[EventRounds "5"]
[EventCountry "SCO"]
[SourceTitle "EXT 2023"]
[Source "ChessBase"]
[SourceDate "2022.10.05"]
[SourceVersion "1"]
[SourceVersionDate "2022.10.05"]
[SourceQuality "1"]

1. b3 d5 2. Bb2 e6 3. Nf3 c6 4. g3 Nd7 5. Bg2 b6 6. c4 Ngf6 7. 0-0 Be7 8. d4 0-0 9. Nc3 Bb7 10. Qd3 c5 11. cxd5 cxd4 12. Nxd4 Nc5 13. Qc2 Nxd5 14. Nxd5 Bxd5 15. e4 Bb7 16. b4 Na6 17. a3 Rc8 18. Qe2 Nb8 19. Rfd1 Qe8 20. Rac1 Qa4 21. Qg4 e5 22. Ne6 Bf6 23. Nxf8 Rxf8 24. Rd6 Qb3 25. Qe2 Be7 26. Rd3 Qe6 27. Qh5 Bf6 28. Rd2 g6 29. Qh6 Bg7 30. Qe3 h5 31. Rc7 Ba6 32. Rd5 Kh7 33. b5 Bc8 34. Qc3 Qe8 35. a4 Be6 36. Rd1 Nd7 37. Ba3 Nc5 38. Bxc5 bxc5 39. Qxc5 1-0

[Event "Oban op"]
[Site "Oban"]
[Date "2015.11.22"]
[Round "4"]
[White "Giulian Jackson, Rosemary"]
[Black "Dawson, Alastair G"]
[Result "1-0"]
[WhiteElo "1831"]
[BlackElo "1861"]
[PlyCount "65"]
[EventDate "2015.10.20"]
[EventType "swiss"]
[EventRounds "5"]
[EventCountry "SCO"]
[SourceTitle "EXT 2023"]
[Source "ChessBase"]
[SourceDate "2022.10.05"]
[SourceVersion "1"]
[SourceVersionDate "2022.10.05"]
[SourceQuality "1"]

1. e4 d6 2. d4 Nf6 3. Nc3 e5 4. Nf3 Nbd7 5. Be2 c6 6. a4 a5 7. 0-0 Qc7 8. h3 g6 9. Be3 Bg7 10. Qd2 0-0 11. Rad1 Re8 12. dxe5 dxe5 13. Bh6 Nc5 14. Bxg7 Kxg7 15. Qe3 b6 16. Bc4 Be6 17. Bxe6 Nxe6 18. Rd2 Rad8 19. Rfd1 Nc5 20. Rxd8 Rxd8 21. Rxd8 Qxd8 22. Nxe5 Qe8 23. Ng4 Ncxe4 24. Nxe4 Nxe4 25. Qd4+ f6 26. Qxb6 Qd7 27. Ne3 h5 28. Qxa5 Qd4 29. Qc7+ Kf8 30. Qxc6 Qb4 31. c3 Qe7 32. Nd5 Nd6 33. Nxe7 1-0

[Event "Dundee & Angus op"]
[Site "Dundee"]
[Date "2015.10.11"]
[Round "5"]
[White "Dawson, Alastair G"]
[Black "Marks, Ian Alexander"]
[Result "1-0"]
[WhiteElo "1861"]
[BlackElo "1802"]
[PlyCount "47"]
[EventDate "2015.10.09"]
[EventType "swiss"]
[EventRounds "5"]
[EventCountry "SCO"]
[SourceTitle "EXT 2023"]
[Source "ChessBase"]
[SourceDate "2022.10.05"]
[SourceVersion "1"]
[SourceVersionDate "2022.10.05"]
[SourceQuality "1"]

1. Nf3 d6 2. g3 e5 3. d3 f5 4. Bg2 Nf6 5. c4 Be7 6. Nc3 0-0 7. e3 c6 8. Bd2 Na6 9. Qc2 Nb4 10. Qb1 e4 11. dxe4 fxe4 12. Nxe4 Nxe4 13. Bxb4 Bf5 14. Qd1 Bg4 15. h3 Bh5 16. g4 Bg6 17. 0-0 h5 18. Nh2 c5 19. Qd5+ Kh8 20. Bxe4 Bxe4 21. Qxe4 cxb4 22. Rad1 Qc7 23. Rd5 hxg4 24. Qe6 1-0

[Event "Dundee & Angus op"]
[Site "Dundee"]
[Date "2015.10.11"]
[Round "1"]
[White "Milton, Carl"]
[Black "Dawson, Alastair G"]
[Result "1-0"]
[WhiteElo "1675"]
[BlackElo "1861"]
[PlyCount "89"]
[EventDate "2015.10.09"]
[EventType "swiss"]
[EventRounds "5"]
[EventCountry "SCO"]
[SourceTitle "EXT 2023"]
[Source "ChessBase"]
[SourceDate "2022.10.05"]
[SourceVersion "1"]
[SourceVersionDate "2022.10.05"]
[SourceQuality "1"]

1. d4 d6 2. Nf3 Nf6 3. c4 g6 4. Nc3 Bg7 5. e4 0-0 6. Be2 e5 7. 0-0 Nc6 8. d5 Ne7 9. b4 a5 10. bxa5 Rxa5 11. Nd2 Ra8 12. Nb3 b6 13. a4 Nd7 14. a5 f5 15. axb6 Rxa1 16. bxc7 Qxc7 17. Nxa1 Nc5 18. f3 Bd7 19. Nb3 Rb8 20. Nxc5 Qxc5+ 21. Kh1 Nc8 22. Qd3 f4 23. Nb5 Bf8 24. Ba3 Qb6 25. Rb1 Na7 26. Rb2 Nxb5 27. cxb5 Rc8 28. Rb1 Be7 29. Bc1 Bh4 30. Bd2 Bf2 31. Rc1 Bc5 32. h3 Rb8 33. Rb1 g5 34. Qb3 Ra8 35. Bb4 Bd4 36. Bc3 Bc5 37. Ra1 Rxa1+ 38. Bxa1 Kf7 39. Qa4 h5 40. Qa6 g4 41. Qxb6 Bxb6 42. hxg4 hxg4 43. fxg4 Kg6 44. Kh2 Kg5 45. Kh3 1-0

[Event "Dundee & Angus op"]
[Site "Dundee"]
[Date "2015.10.10"]
[Round "3"]
[White "Kefalas, Loukas"]
[Black "Dawson, Alastair G"]
[Result "1/2-1/2"]
[WhiteElo "1844"]
[BlackElo "1861"]
[PlyCount "87"]
[EventDate "2015.10.09"]
[EventType "swiss"]
[EventRounds "5"]
[EventCountry "SCO"]
[SourceTitle "EXT 2023"]
[Source "ChessBase"]
[SourceDate "2022.10.05"]
[SourceVersion "1"]
[SourceVersionDate "2022.10.05"]
[SourceQuality "1"]

1. d4 d6 2. Nf3 g6 3. c4 Nf6 4. Bg5 Bg7 5. e3 0-0 6. Nc3 c6 7. h3 Qc7 8. Be2 Bf5 9. Nd2 e5 10. d5 a5 11. 0-0 Na6 12. a3 h6 13. Bxf6 Bxf6 14. Re1 Bg7 15. Bg4 Bd7 16. Bxd7 Qxd7 17. e4 f5 18. Rb1 Nc5 19. b4 axb4 20. axb4 Nd3 21. Rf1 c5 22. bxc5 Nxc5 23. Rb6 Ra6 24. Qb1 Rfa8 25. Rb4 f4 26. Qc2 Bf6 27. Rfb1 Bd8 28. Nb3 b6 29. Nxc5 dxc5 30. R4b3 f3 31. Qd3 fxg2 32. Qg3 Qg7 33. d6 Qf6 34. Nd5 Qxd6 35. Kxg2 R8a7 36. Rd3 Qe6 37. Nb4 cxb4 38. Rxd8+ Kg7 39. Rbd1 Ra3 40. Qg4 Qxg4+ 41. hxg4 Rc3 42. R1d5 Rxc4 43. Rb8 Rxe4 44. Rxb6 1/2-1/2